Associe ces bladers à leur équipe (Beyblade: Metal Masters) - Statistiques

Statistiques générales
  • Ce quiz a été pris 80 fois
  • Le résultat moyen est 23 sur 26
Statistiques - réponses
Hint Réponse % Correct
Gingka Hagane GanGan Galaxy, Japon
95%
Ian Garcia Garcia, Brésil
95%
Argo Garcia Garcia, Brésil
95%
Dashan Wang Wang Hu Zhong, Chine
95%
Yu Tendo GanGan Galaxy, Japon
92%
Chaoxin Wang Hu Zhong, Chine
92%
Sophie Excalibur, Europe
90%
Julian Konzern Excalibur, Europe
90%
Masamune Kadoya GanGan Galaxy, Japon
90%
Selen Garcia Garcia, Brésil
90%
Chi-Yun Li Wang Hu Zhong, Chine
90%
Tsubasa Otori GanGan Galaxy, Japon
88%
Enzo Garcia Garcia, Brésil
88%
Wales Excalibur, Europe
87%
Aleksei Lovushka, Russie
87%
Zeo Abyss Star Breaker, États-Unis
87%
Damian Hart Star Breaker, États-Unis
85%
Jack Star Breaker, États-Unis
85%
Mei-Mei Wang Hu Zhong, Chine
85%
Kyoya Tategami Wild Fang, Afrique
85%
Nowaguma Lovushka, Russie
83%
Klaus Excalibur, Europe
80%
Benkei Hanawa Wild Fang, Afrique
80%
Damure Wild Fang, Afrique
78%
Nile Wild Fang, Afrique
78%
Lira Lovushka, Russie
75%
Aucun quiz correspondant
Distribution des résultats
% des personnes avec chaque résultat
Percentile par nombre de réponses
Votre historique - résultats
Vous n’avez pas pris ce quiz